00293nam a2200097Ia 4500008004100000020001400041100002000055245006800075260003400143300001800177180305s9999 xx 000 0 und d a765703564 aBellinson, Jill cJill BellinsonaChildren's Use of Board Games in Psychotherapy/ aUSAbJason Aronson Inc.c2002 aix, 184 Pages